Contos da Condessa de Ségur (Registo nº 2126)

Detalhes MARC
000 -Etiqueta do registo
Cabeçalho 00832nam a22002651 4500
005 - Identificador da versão
Campo de controlo 20240813121925.0
095 ## -
-- PTBN00053381
100 ## - Dados gerais de processamento
Dados gerais de processamento 19981120d198- a y0pory5003 ba
102 ## - Pais de publicação ou produção
País de publicação Portugal
101 1# - Língua de publicação
Língua do texto, banda sonora, etc. Português
Língua do documento no original Francês
215 ## - Descrição física 
Indicação específica da natureza do documento e extensão da espécie 30, [2] p.
Outras indicações físicas muito il.
Dimensões 31 cm
200 1# - Titulo e menção de responsabilidade
Título próprio Contos da Condessa de Ségur
Primeira menção de responsabilidade adapt. Jeanne Cappe
Outras menções de responsabilidade trad. Esther de Lemos
225 2# - Colecção 
Título próprio da colecção Verbo infantil
Número de uma parte ou secção gigante
Indicação de volume 4
210 ## - Publicação, Distribuição, etc. 
Lugar da edição, distribuição, etc. Lisboa
Nome do editor, distribuidor, etc. Verbo
Data da publicação, distribuição, etc. [198-]
606 ## - Nome comum usado como assunto
Número de registo de entrada de autoridade 0000634
Palavra de ordem Literatura estrangeira juvenil
Subdivisão de assunto Conto
675 ## - Classificação Decimal Universal (CDU)
Notação 82-34
Edição
Língua da edição por
702 #0 - Nome de autor-pessoa física (responsabilidade secundária)
Número de registo de entrada de autoridade 0000884
Palavra de ordem Ségur
Elementos de identificação ou distinção Condessa de
Datas 1799-1874
Código de função Antecedente bibliográfico
Número de registo de entrada de autoridade 0000856
Palavra de ordem Huens
Outra parte do nome não tomada para palavra de ordem Jean Léon
Código de função Ilustrador / Técnico de desenho computorizado
Número de registo de entrada de autoridade 0000885
Palavra de ordem Lemos
Outra parte do nome não tomada para palavra de ordem Ester de
Datas 1929-
Código de função Tradutor
700 #1 - Nome de autor-pessoa física (responsabilidade principal)
Número de registo de entrada de autoridade 0000883
Palavra de ordem Cappe
Outra parte do nome não tomada para palavra de ordem Jeanne
Datas 1895-
942 ## - Elementos de entrada adicionados (Koha)
Tipo de item no Koha Livro
Exemplares
Situação do levantamento Origin of item (home branch) (coded) Biblioteca de empréstimo Código de barras Cota Circulation type (not for loan) Tipo de documento Nota do exemplar Damaged status
  Biblioteca Escolar da Coca Maravilhas Biblioteca Escolar da Coca Maravilhas BECM4072/98 8EST SEG   Livro Sem mensagem